| 000 | 00405nam a22001457a 4500 | ||
|---|---|---|---|
| 003 | SISC | ||
| 005 | 20160224140746.0 | ||
| 008 | 140224t xxu||||| |||| 00| 0 eng d | ||
| 050 |
_aQH 308.2 _b.Sch37 1999 |
||
| 245 |
_aBiology : _bthe study of life / _cWilliam Schraer. |
||
| 260 |
_aNew Jersey : _bPrentice-Hall Inc., _c1999. |
||
| 300 |
_a944 p. : _bcol. ill. ; _c35 cm. |
||
| 942 |
_2lcc _cBK |
||
| 999 |
_c42348 _d42348 |
||